| 000 | 00581ntaaa2200205 4500 | ||
|---|---|---|---|
| 003 | 01 | ||
| 005 | 20251027202858.0 | ||
| 008 | 0714s1973 ag 01 | ||
| 040 |
_aAR-BaBN _bspa _cAR-BaBN _eaacr _dRIC |
||
| 082 | _a269.2600 Sp9 | ||
| 100 |
_aHayden, Eric W _919293 |
||
| 245 | _aSpurgeon on revival | ||
| 250 | _a1 ed. | ||
| 260 |
_aGrand Rapids : _bZondervan Publishing House, _cc1962 |
||
| 300 | _a144 p | ||
| 500 | _aDocumented study of Spurgeon's emphasis upon and attitude toward revival | ||
| 650 |
_aevangelismo-avivamiento _929283 |
||
| 650 | _aavivamiento | ||
| 942 | _cBK | ||
| 999 |
_c24137 _d24137 |
||